AHL Teams in Order of Instagram Followers - Statistics

General Stats
  • This quiz has been taken 6 times
  • The average score is 12 of 32
Answer Stats
Followers Division Team % Correct
107k North Toronto Marlies
100%
29.5k Pacific Bakersfield Condors
40%
19.7k North Belleville Senators
40%
21.8k Atlantic Bridgeport Islanders
40%
35.5k Atlantic Charlotte Checkers
40%
32.4k Central Chicago Wolves
40%
38.4k North Cleveland Monsters
40%
27.5k Pacific Colorado Eagles
40%
72.2k Central Grand Rapids Griffins`
40%
29.3k Atlantic Hartford Wolf Pack
40%
35.3k Pacific Henderson Silver Knights
40%
58.1k Atlantic Hershey Bears
40%
32.7k Central Iowa Wild
40%
69.8k North Laval Rocket
40%
37.7k Atlantic Lehigh Valley Phantoms
40%
42.6k Central Manitoba Moose
40%
30.3k Central Milwaukee Admirals
40%
35.9k Pacific Ontario Reign
40%
51.2k Atlantic Providence Bruins
40%
37.5k North Rochester Americans
40%
39.3k Central Rockford IceHogs
40%
20.4k Atlantic Springfield Thunderbirds
40%
18.8k Pacific Stockton Heat
40%
27.8k North Syracuse Crunch
40%
26.6k Central Texas Stars
40%
33k North Utica Comets
40%
64.1k Atlantic Wilkes-Barre/Scranton Penguins
40%
17.2k Pacific Abbotsford Canucks
20%
5.4k Pacific Coachella Valley Firebirds
20%
55.9k Pacific San Diego Gulls
20%
32.3k Pacific San Jose Barracuda
20%
15.4k Pacific Tuscon Roadrunners
20%
No matching quizzes found
Score Distribution
Percent of People with Each Score
Percentile by Number Answered
Your Score History
You have not taken this quiz